000 00589nam a2200181Ia 4500
005 20250923144745.0
008 008 250917s9999 xx 000 0 eng d
037 _aTextual
040 _aDSWL
_beng
_cDSWL
041 _aeng
_2eng
084 _aYXzo(1-42)
_qDSWL
100 _aThankachi, Sarla
_9828104
245 0 _aStudy of 60 T.B. patients with special REF to their economic rehailitation
_cby Sarla Thankachi
260 _aDelhi
_bDelhi Delhi School of Social Work
_c1961
300 _aiv,75,ixp.
942 _cTEXL
_hYXzo(1-42)
999 _c1442978
_d1442978